<?xml version="1.0" encoding="UTF-8"?>
<collection xmlns="http://www.loc.gov/MARC21/slim">
 <record>
  <leader>01312cam a22003495a 4500</leader>
  <controlfield tag="001">EIQ.libpla003687</controlfield>
  <controlfield tag="008">760928s1977####nyua#####b####001#0#eng#d</controlfield>
  <controlfield tag="005">20080229152629.0</controlfield>
  <datafield tag="245" ind1="1" ind2="0">
   <subfield code="a">Macromolecules /</subfield>
   <subfield code="c">Hans-Georg Elias ; translated from German by John W. Stafford.</subfield>
  </datafield>
  <datafield tag="260" ind1=" " ind2=" ">
   <subfield code="a">New York :</subfield>
   <subfield code="b">Plenum Press,</subfield>
   <subfield code="c">c1977.</subfield>
  </datafield>
  <datafield tag="300" ind1=" " ind2=" ">
   <subfield code="a">2 v. (lxxx, 1131 p.) :</subfield>
   <subfield code="b">il. ;</subfield>
   <subfield code="c">24 cm.</subfield>
  </datafield>
  <datafield tag="500" ind1=" " ind2=" ">
   <subfield code="a">Traducción de: Makromoleküle.</subfield>
  </datafield>
  <datafield tag="504" ind1=" " ind2=" ">
   <subfield code="a">Incluye referencias bibliográficas e índice.</subfield>
  </datafield>
  <datafield tag="505" ind1="0" ind2=" ">
   <subfield code="a">v. 1. Structure and properties. -- v. 2. Synthesis and materials.</subfield>
  </datafield>
  <datafield tag="020" ind1=" " ind2=" ">
   <subfield code="a">0306351110 (v. 1)</subfield>
  </datafield>
  <datafield tag="020" ind1=" " ind2=" ">
   <subfield code="a">047199488x (v. 2)</subfield>
  </datafield>
  <datafield tag="100" ind1="1" ind2=" ">
   <subfield code="a">Elias, Hans-Georg,</subfield>
   <subfield code="d">1928-</subfield>
  </datafield>
  <datafield tag="700" ind1="1" ind2=" ">
   <subfield code="a">Stafford, John W.,</subfield>
   <subfield code="e">tr.</subfield>
   <subfield code="4">trl</subfield>
  </datafield>
  <datafield tag="082" ind1="0" ind2="0">
   <subfield code="a">574.1/924</subfield>
  </datafield>
  <datafield tag="650" ind1=" " ind2="4">
   <subfield code="a">Macromoléculas</subfield>
   <subfield code="x">Síntesis.</subfield>
  </datafield>
  <datafield tag="650" ind1=" " ind2="4">
   <subfield code="a">Macromoléculas</subfield>
   <subfield code="x">Propiedades.</subfield>
  </datafield>
  <datafield tag="650" ind1=" " ind2="4">
   <subfield code="a">Macromoléculas</subfield>
   <subfield code="x">Materiales.</subfield>
  </datafield>
  <datafield tag="650" ind1=" " ind2="4">
   <subfield code="a">Macromoléculas</subfield>
   <subfield code="x">Estructura.</subfield>
  </datafield>
  <datafield tag="650" ind1=" " ind2="4">
   <subfield code="a">Macromolecules</subfield>
   <subfield code="x">Synthesis.</subfield>
  </datafield>
  <datafield tag="650" ind1=" " ind2="4">
   <subfield code="a">Macromolecules</subfield>
   <subfield code="x">Properties.</subfield>
  </datafield>
  <datafield tag="650" ind1=" " ind2="4">
   <subfield code="a">Macromolecules</subfield>
   <subfield code="x">Structure.</subfield>
  </datafield>
  <datafield tag="650" ind1=" " ind2="4">
   <subfield code="a">Macromolecules</subfield>
   <subfield code="x">Materials.</subfield>
  </datafield>
  <datafield tag="010" ind1=" " ind2=" ">
   <subfield code="a">   76046499 </subfield>
  </datafield>
  <datafield tag="040" ind1=" " ind2=" ">
   <subfield code="a">DLC</subfield>
   <subfield code="c">DLC</subfield>
   <subfield code="d">AR-BbSID</subfield>
  </datafield>
  <datafield tag="041" ind1="1" ind2=" ">
   <subfield code="a">eng</subfield>
   <subfield code="h">ger</subfield>
  </datafield>
  <datafield tag="859" ind1=" " ind2=" ">
   <subfield code="a">AR-BbSID</subfield>
   <subfield code="b">BIB. PLAPIQUI</subfield>
   <subfield code="h">574.192 4</subfield>
   <subfield code="i">El 42</subfield>
   <subfield code="p">676</subfield>
   <subfield code="v">Vol. 1</subfield>
   <subfield code="3">Vol. 1</subfield>
  </datafield>
  <datafield tag="859" ind1=" " ind2=" ">
   <subfield code="a">AR-BbSID</subfield>
   <subfield code="b">BIB. PLAPIQUI</subfield>
   <subfield code="h">574.192 4</subfield>
   <subfield code="i">El 42</subfield>
   <subfield code="p">677</subfield>
   <subfield code="v">Vol. 2</subfield>
   <subfield code="3">Vol. 2</subfield>
  </datafield>
 </record>
</collection>
